Structural Analysis / Sixth Edition (Record no. 5455)
[ view plain ]
| 000 -LEADER | |
|---|---|
| fixed length control field | 01285cam a22002054a 4500 |
| 005 - ΗΜΕΡΟΜΗΝΙΑ ΚΑΙ ΩΡΑ ΤΕΛΕΥΤΑΙΑΣ ΕΝΗΜΕΡΩΣΗΣ | |
| Πεδίο ελέγχου | 20250605164213.0 |
| 008 - FIXED-LENGTH DATA ELEMENTS--GENERAL INFORMATION | |
| Πεδίο ελέγχου σταθερού μήκους | 250528s ||||||||||||||||||||||||d |
| 035 ## - SYSTEM CONTROL NUMBER | |
| System control number | 20333 |
| 020 ## - ISBN | |
| ISBN | 131470892 |
| 040 ## - ΠΗΓΗ ΚΑΤΑΛΟΓΟΓΡΑΦΗΣΗΣ | |
| Φορέας πρωτότυπης καταλογογράφησης | MC Athens Campus Library |
| Γλώσσα καταλογογράφησης | Ελληνικά, Μοντέρνα (1453-) |
| Modifying agency | MC Athens Campus Library |
| Κανόνες περιγραφικής καταλογογράφησης | AACR2 |
| 245 1# - ΤΙΤΛΟΣ ΚΑΙ ΔΗΛΩΣΗ ΥΠΕΥΘΥΝΟΤΗΤΑΣ | |
| Τίτλος | Structural Analysis / Sixth Edition |
| 250 ## - EDITION STATEMENT | |
| Edition statement | 6th |
| 260 ## - PUBLICATION, DISTRIBUTION, ETC. | |
| Name of publisher, distributor, etc. | Pearson - Prentice Hall, |
| Date of publication, distribution, etc. | 2006 |
| 300 ## - PHYSICAL DESCRIPTION | |
| Extent | 644 |
| 520 ## - SUMMARY, ETC. | |
| Summary, etc. | Types of Structures and Loads, Analysis of Statically Determinate Structures, Analysis of Statically Determinate Trusses, Internal Loadings Developed in Structural Members, Cables and Arches, Inference Lines for Statically Determinate Structures, Approximate Analysis of Statically Inderterminate Structures, Deflections, Deflections Using Energy Methods, Analysis of Statically Indeterminate Structures by the Force Method, Dispacement Method of Analysis: Slope-Deflection Equations, Displacement Method of Analysis: Moment Distribution, Beams and Frames Having Nonprismatic Members, Truss Analysis Using the Stiffness Methods, Beam Analysis Using the Stiffness Method, Plane Frame Analysis Using the Stiffness Method, Matrix Algebra for Structural Analysis, Answers to Selected Problems, Index. |
| 700 1# - ΠΡΟΣΘΕΤΗ ΑΝΑΓΡΑΦΗ--ΦΥΣΙΚΟ ΠΡΟΣΩΠΟ | |
| Personal name | Hibbeler R. C |
| 9 (RLIN) | 6341 |
| 942 ## - ADDED ENTRY ELEMENTS (KOHA) | |
| Koha item type | Books |
| Τύπος τεκμηρίου | Βιβλιοθήκη | Τρέχουσα τοποθεσία | Barcode | Αριθμός εισαγωγής | Ημερομηνία απόκτησης | Ταξιθετικό σύμβολο | Αριθμός αντιτύπου | Κατάσταση απόσυρσης | Κατάσταση χαμένου | Κατάσταση κατεστραμμένου | Μη δανεισμός | Σύνολο δανεισμών | Ημερομηνία τελευταίας εμφάνισης | Η τιμή ισχύει από |
|---|---|---|---|---|---|---|---|---|---|---|---|---|---|---|
| Books | MC Athens Campus Library | MC Athens Campus Library | 9780000054548 | 6756 | 05/06/2025 | 624.171 HIB | 1 | 05/06/2025 | 05/06/2025 |